| 000 | 01052cam a22003137a 4500 | ||
|---|---|---|---|
| 003 | CHAP | ||
| 005 | 20220329142750.0 | ||
| 008 | 030730d1995 mx d r 00110 spa d | ||
| 010 | _a87476 | ||
| 011 | _a88448 | ||
| 020 | _a970628107X | ||
| 035 | _a98993 | ||
| 040 | _cCHAP | ||
| 082 | 0 | 4 |
_a649.65 _bC65 |
| 110 | 2 |
_aMéxico. Consejo Nacional de Población _976888 |
|
| 245 | 1 | 0 |
_aEstrategia de capacitación sobre salud sexual y reproductiva del adolescente _c/por Consejo Nacional de Población |
| 260 |
_aMéxico, D. F. : _bConsejo Nacional de Población, _cc.1995 |
||
| 300 |
_a267 p. : _bcuadros |
||
| 590 |
_aBATCH-UPD _b10 _c20130110 _lUCH01 _h1950 |
||
| 590 |
_aBATCH-UPD _b10 _c20130410 _lUCH01 _h1312 |
||
| 590 |
_aBATCH-UPD _b10 _c20130914 _lUCH01 _h1252 |
||
| 590 |
_aCONVERSION _b10 _c20130109 _lUCH01 _h1348 |
||
| 650 | 1 | 4 |
_aEducación sexual. _935598 |
| 650 | 1 | 4 |
_aSexualidad humana. _9105427 |
| 901 | _aBK | ||
| 905 | _aMarco A. Mendoza T. | ||
| 942 | _cLIBRO | ||
| 949 |
_a649.65 C65 _bBC _cLIBRO _d33724000896080 _eLIBRO _h103750 _i98993 _sb |
||
| 999 |
_c87476 _d87476 |
||